| 000 | 00867nam a2200253 a 4500 | ||
|---|---|---|---|
| 001 | 000022746 | ||
| 005 | 20200930021755.0 | ||
| 008 | 101117s1985 mx r 000 0 spa d | ||
| 020 | _a9681621670 | ||
| 040 |
_aDO-SdBNP _bspa _cBNPHU |
||
| 082 |
_a305.42 _bG481m |
||
| 100 | 1 |
_aGilligan, Carol, _d1936- _946739 |
|
| 240 | 1 | 0 |
_aIn a different voice _lEspañol |
| 245 | 1 | 0 |
_aLa moral y la teoría : _bpsicología del desarrollo femenino / _cCarol Gilligan ; traducción de Juan José Utrilla. |
| 260 |
_aMéxico : _bFondo de Cultura Económicas, _c1985. |
||
| 300 |
_a288, [8] p. ; _c18 cm. |
||
| 490 | 1 |
_aPopular ; _v326 |
|
| 534 |
_aTítulo original: _tIn a different voice |
||
| 650 | 4 |
_aPsicología de la mujer _943610 |
|
| 650 | 4 |
_aPsicología evolutiva _946740 |
|
| 700 | 1 |
_aUtrilla, Juan José _etr. _944259 |
|
| 830 | 0 |
_aPopular ; _v326 _913374 |
|
| 049 | _aBNGR | ||
| 999 |
_c22243 _d22243 |
||